000 00324nam a2200121Ia 4500
008 240624s9999 xx 000 0 und d
041 _aeng
082 _a338.064 BRY
100 _aBRYCE ROBERT
245 _aSMALLER FASTER LIGHTER DENSER CHEAPER HO
260 _aInnovation Keeps Proving the Catastrophists
365 _c
_b25
999 _c30168
_d30168